000 00366 a2200157 4500
001 191424
020 _a85-86295-05-1
040 _cMagnum
100 _aGuedes, Hardy
240 1 0 _aNhanderu: a lenda do sol e da lua
_lpor
245 1 0 _aNhanderu: a lenda do sol e da lua
300 _a24
362 0 _a1997
697 _aLITERATURA INFANTO-JUVENIL
942 _cBK
999 _c191424
_d191424